000
00233nam a22000977a 4500
005
20250901165806.0
008
250320b |||||||| |||| 00| 0 eng d
022
_a
9789966361523
245
_a
He's far too much
_c
Mohamed Said
942
_2
lcc
999
_c
9294
_d
9294